01979nam a2200217 a 4500008004100000020001500041041000800056092001700064100002800081245005700109250004400166260003800210300001100248500009600259505107800355590005301433655002101486942001301507999001501520952022601535180514e2000 sp |||gr|||| 001 0 spa d a8401013585 aspa c808l13sCRI1 aCrichton, Michael93906 aRescate en el tiempo (1999-1357) /cMichael Crichton a1a ed.bTraducción Carlos Milla Soler aBarcelona:bPlaza & Janes;c2000. a573 p. aCrichton, M. (2000). Rescate en el tiempo (1999-1357). (1a ed.). Barcelona : Plaza & Janes. aLa multinacional ITC desarrolla bajo el máximo secreto una revolucionaria y misteriosa tecnología basada en los últimos avances de la física cuántica. Sin embargo, la crítica situación financiera de ITC la obliga a obtener resultados inmediatos para atraer nuevos inversores. La opción más clara es acelerar el Proyecto Dordogne, de cara al público un proyecto arqueológico para desenterrar las ruinas de un monasterio medieval en Francia, pero en realidad un arriesgado experimento para poner a prueba una tecnología que permite viajar en el tiempo y su eventual comercialización. Pero cuando se trata de teletransportar personas de un siglo al otro, el menor fallo o descuido puede aparejar consecuencias imprevisibles y pavorosas... En la línea de Parque Jurásico y El mundo perdido pero con una temática completamente original, Michael Crichton nos ofrece una nueva supernovela de aventuras, con un sólido planteamiento científico y un trasfondo que mueve a reflexión. Sin duda todo un hito en la trayectoria de su aclamado autor.  aDonación del Dr. Gallardo Andrés, mayo 2018. aLiteratura92917 2ddccLIT c2735d2735 00102ddc4070aBFMbBFMcCRd2018-05-15eDonación Dr. Gallardo, Andres. Mayo 2018l5m6o808 13 CRIp4254r2026-05-28s2026-04-24tEj. 1w2018-05-15yLITzProyecto 4to libro. Donación Dr. Gallardo, Andres. Mayo 2018